Mit erfolg zu fit in deutsch 1 (Record no. 67351)

MARC details
000 -LÍDER
campo de controle de tamanho fixo 00332 a2200121 4500
001 - NÚMERO DE CONTROLE
campo de controle 67351
040 ## - FONTE DA CATALOGAÇÃO
Instituição que transcreveu o registro Anchieta - Pituba
100 ## - ENTRADA PRINCIPAL--NOME PESSOAL
Nome pessoal Vavatzanids, Karin
240 10 - TÍTULO UNIFORME
Título uniforme Mit erfolg zu fit in deutsch 1
Idioma da obra deu / ger
245 10 - TÍTULO
Título Mit erfolg zu fit in deutsch 1
650 #4 - ASSUNTO--TERMO TÓPICO
Cabeçalho tópico ou nome geográfico Línguas germânicas (teutônicas) língua alemã
942 ## - ELEMENTOS DE ENTRADA ADICIONADOS (KOHA)
Tipo de material Koha Música
Holdings
Situação do descarte Situação das perdas Situação física Não pode ser emprestado Biblioteca de origem Biblioteca atual Data de aquisição Total de empréstimos Número de chamada completo Código de barras Data de último acesso Data do preço efetivo Tipo de material Koha
        Colégio Anchieta - Pituba Colégio Anchieta - Pituba 21/11/2023   430 F544 MIT 22314/PIT 21/11/2023 21/11/2023 Música